000 00484nab a2200145Ia 4500
003 ES-SlBCS
005 20210601141251.0
008 140529s2011 xxu||||| |||| 00| 0 spa d
041 _aspa
100 1 _aGonzález Pérez, Teresa
_973448
245 0 0 _aModelos de escolarización: trayectoria histórica de la educación especial
_c Teresa González Pérez
650 0 4 _aHistoria
_92130
773 0 _tEducaçao e Filosofia
_gvol. 25, nº. 50, 2011, págs. 691-716
_wRev1534
942 _cAR
999 _c657947
_d657947